Statistics for Spot the Imposter - Countries of the World #1

Click here to take the quiz!

General Stats

  • This quiz has been taken 1,333 times
    (748 since last reset)
  • The average score is 19 of 20

Answer Stats

QuestionAnswer% Correct
Which is not a current Country of the World?Crete
99%
Which is not a current Country of the World?Kashmir
99%
Which is not a current Country of the World?Yugoslavia
99%
Which is not a current Country of the World?Slovania
98%
Which is not a current Country of the World?Zaire
98%
Which is not a current Country of the World?South Vietnam
97%
Which is not a current Country of the World?Aruba
96%
Which is not a current Country of the World?Falkland Islands
96%
Which is not a current Country of the World?Federal Republic of the Congo
96%
Which is not a current Country of the World?Hong Kong
96%
Which is not a current Country of the World?Saint Croix
96%
Which is not a current Country of the World?Central Asian Republic
95%
Which is not a current Country of the World?Macedonia
95%
Which is not a current Country of the World?Puerto Rico
95%
Which is not a current Country of the World?Toga
95%
Which is not a current Country of the World?Canary Islands
94%
Which is not a current Country of the World?Martinique
94%
Which is not a current Country of the World?Tahiti
94%
Which is not a current Country of the World?New Guinea
92%
Which is not a current Country of the World?San Tomé and Príncipe
79%

Score Distribution

Percentile by Number Answered

Percent of People with Each Score

Your Score History

You have not taken this quiz since the last reset